| 000 | 02557nam a2200325 a 4500 | ||
|---|---|---|---|
| 003 | DO-SdBNP | ||
| 005 | 20260302105356.0 | ||
| 007 | ta | ||
| 008 | 211227e2020 dr ||||ergl|| 001 edspa d | ||
| 020 | _a9789945807264 | ||
| 040 |
_aDO-SdBNP _bspa _cBNPHU |
||
| 082 | 4 |
_222 _bH557p |
|
| 100 | 1 |
_aHernández Fortuna, Arsenio _937797 |
|
| 240 | _aLey 176 - 07 - 2010 | ||
| 245 | 1 | 3 |
_aEl poder municipal / _cArsenio Hernández Fortuna; Prólogo, de Virtudes Álvarez; imágen de portada, Abelardo Rodríguez Urdaneta |
| 260 |
_aSanto Domingo : _bMediabyte, _c2020 |
||
| 300 |
_a166 p. ; _c21 cm. |
||
| 500 | _aPara la mejor y la más pronta expedición de los negocios públicos se distribuyen en Poder Municipal, Poder Legislativo, Poder Judicial y Poder Ejecutivo. (Proyecto de Constitución de Juan Pablo Duarte) | ||
| 500 | _aIncluye datos biográficos del en la contracubierta. | ||
| 500 | _aIncluye bibliografía y notas al pié de páginas. | ||
| 504 | _aBibliografía: p. 167- 168 | ||
| 505 |
_aPrólogo. _tPrefacio (a una edición del Proyecto de Constitución de JPD).-- _tPrólogo de Virtudes Áalvarez.-- _gPrimera Parte _tRaíces históricas del Poder Municipal.-- _tLa cuestión municipal en la Constitución del 2010.-- _tLey 176-07 del Distrito Nacional y los Municipios.-- _tAyuntamientos y cooperativas.-- _tConclusiones.-- _gSegunda Parte: Artículos. _tPropuestas Municipales.-- _tMontecristi necesita más obras públicas _tPropuestas para transformar la sociedad.-- _tNi más soldados ni muros: Comercio!.-- _tFrenar atentados a la soberanía.-- _tLa soberanía era la prioridad en 1965 y ahora.-- _t!Reinicia la marcha!.-- _tAsimilar experiencia unitaria de abril ´65.-- _tMovilizar por un sueldo mínimo de $25,000.-- _tLa gota que rebosaría el vaso.-- _t!Reiniciar la marcha! (II).-- _tFrenar violencia contra la mujer y sociedad.-- _tA la memoria de Héctor Álvarez Morel (Tominín).-- _tPor otro candidato (a) presidencial.-- _tConcertar un programa de cambios.-- _tConsensuar un programa de gobierno.-- _gTercera parte: otros artículos _tVida de Juan Pablo Duarte.-- _t45 años después.... _tAnexo.-- _tBibliografía. |
||
| 590 | _aInventariado 2021 / MF | ||
| 600 | 1 | 0 |
_aDuarte, Juan Pablo, _d1813-1876 _zRepública Dominicana _91494 |
| 650 | 4 |
_917752 _aGobierno Municipal _zRepública Dominicana _xHistoria |
|
| 650 | 4 |
_916862 _aLey 176 - 07 de 2010 _vPoder Municipal _xLegislación _zRepública Dominicana |
|
| 700 | 1 |
_aÁlvarez, Virtudes, _d1960- _epról. _974097 |
|
| 700 | 1 |
_aRodríguez Urdaneta, Abelardo _efotogr. _983137 |
|
| 942 |
_2ddc _cLBS1 |
||
| 999 |
_c51130 _d51130 |
||